Southville International School and Colleges
Your cart is empty.
  • Cart
  • Lists
    Public lists Eva Luna New books Lux_list list_1
    Your lists Log in to create your own lists
  • Log in to your account
  • Your cookies
  • Search history
Southville International School and Colleges
  • Advanced search
  • Recent comments
  • Most popular
  • Libraries

Log in to your account

Log in with GOOGLE


If you do not have an external account, but do have a local account, you can still log in:

  1. Home
  2. MARC view: The magic school bus inside the Earth /
Normal view MARC view ISBD view

The magic school bus inside the Earth / (Record no. 114610)

[ view plain ]
MARC details
000 -LEADER
fixed length control field 00746nam a2200205 a 4500
005 - DATE AND TIME OF LATEST TRANSACTION
control field 20140414132106.0
008 - FIXED-LENGTH DATA ELEMENTS--GENERAL INFORMATION
fixed length control field 100902s19uu xx 00 eng d
020 ## - INTERNATIONAL STANDARD BOOK NUMBER
International Standard Book Number 0590407597
050 ## - LIBRARY OF CONGRESS CALL NUMBER
Classification number M 551
Item number C67 1987
100 ## - MAIN ENTRY--PERSONAL NAME
Personal name Cole, Joanna.
245 ## - TITLE STATEMENT
Title The magic school bus inside the Earth /
Statement of responsibility, etc by Joanna Cole ; illustrated by Bruce Degen.
260 ## - PUBLICATION, DISTRIBUTION, ETC. (IMPRINT)
Place of publication, distribution, etc New York :
Name of publisher, distributor, etc Scholastic,
Date of publication, distribution, etc 1987.
520 ## - SUMMARY, ETC.
Summary, etc On a special field trip in the magic school bus, Ms Frizzle�s class learn at first hand about different kinds of rocks and the formation of the earth.
650 ## - SUBJECT ADDED ENTRY--TOPICAL TERM
Topical term or geographic name as entry element Physical geology
General subdivision Juvenile literature.
650 ## - SUBJECT ADDED ENTRY--TOPICAL TERM
Topical term or geographic name as entry element Earth
General subdivision Internal structure.
650 ## - SUBJECT ADDED ENTRY--TOPICAL TERM
Topical term or geographic name as entry element Geology.
700 ## - ADDED ENTRY--PERSONAL NAME
Personal name Degen, Bruce
Holdings
Withdrawn status Lost status Damaged status Use restrictions Home library Current library Shelving location Date acquired Source of acquisition Cost, normal purchase price Total Checkouts Full call number Barcode Date last seen Price effective from Koha item type
        Munich Library Munich Library Main Section 09/02/2010   225.00   M 551 C67 1987 M6480 04/14/2014 04/14/2014 Books
        Munich Library Munich Library Main Section 01/15/2011   225.00   M 551 C67 1987 M6529 04/14/2014 04/14/2014 Books

The magic school bus inside the Earth /

APA

Cole J., Degen, . (1987). The magic school bus inside the Earth. New York: Scholastic.

Chicago

Cole Joanna, Degen, . 1987. The magic school bus inside the Earth. New York: Scholastic.

Harvard

Cole J., Degen, . (1987). The magic school bus inside the Earth. New York: Scholastic.

MLA

Cole Joanna, Degen, . The magic school bus inside the Earth. New York: Scholastic. 1987.

  • Place hold
  • Print
  • Cite
  • Add to your cart (remove)
  • Save record
    BIBTEX Dublin Core MARCXML MARC (non-Unicode/MARC-8) MARC (Unicode/UTF-8) MARC (Unicode/UTF-8, Standard) MODS (XML) RIS
  • More searches
    Search for this title in:
    Other Libraries (WorldCat) Other Databases (Google Scholar) Online Stores (Bookfinder.com) Open Library (openlibrary.org)

Exporting to Dublin Core...

SOUTHVILLE LIBRARY

Southville International School and Colleges Library

1281 Tropical Ave. Cor. Luxembourg St., BF Homes International, Las Pinas City

Tel. No. 8256374 / 252358 Loc. 117/146

Powered by Koha